000 01178nam a22002777a 4500
003 BD-DhSAU
005 20190304172114.0
008 171109b2016 bg ||||| |||| 001 0 eng d
040 _aBD-DhSAU
082 _222
_a630.2
_bSo843
100 _aSourav, Md. Motiur Rahman
_eRegistration # 40994
245 _aEffect of salinity on growth, yield and nutrient contents in different wheat (Triticum aestivum L.) cultivars /
_bMS thesis
_c Md. Motiur Rahman Sourav,
260 _aSher-e-Bangla Agricultural University :
_bDepartment of Agricultural Chemistry,
_c2017
300 _axiii, 113 p. :
_bill. ;
_c30 cm.
500 _aMS thesis of Department of Agricultural Chemistry, Faculty of Agriculture, Sher-e-Bangla Agricultural University, Dhaka, Bangladesh
504 _aIncludes bibliographical reference.
590 _aBandana
650 _aAgricultural Chemistry
650 _aSalinity
650 _aWheat
650 _aTriticum aestivum L.
700 _aRazzaque, Md. Abdur
_eSupervisor
700 _aZamil, Dr. Sheikh Shawkat
_eCo-Supervisor
856 _uhttp://archive.saulibrary.edu.bd:8080/xmlui/handle/123456789/2261
_yOnline Access
942 _2ddc
_cTHESIS
999 _c14543
_d14542